Principle-Centered Leadership

Enregistré dans:
Détails bibliographiques
Auteur principal: Covey, Stephen R.
Format: Livre
Langue:anglais
Publié: New York Simon & Schuster 1991
Édition:1. ed.
Sujets:
Tags: Ajouter un tag
Pas de tags, Soyez le premier à ajouter un tag!

MARC

LEADER 00000nam a2200000 4500
001 c010799
005 20221206114858.4
020 |a 0-671-79280-6 
041 0 |a eng 
044 |a US 
245 1 0 |a Principle-Centered Leadership  |c Stephen R. Covey 
250 |a 1. ed. 
264 1 |a New York  |b Simon & Schuster  |c 1991 
300 |a 334 s. 
610 2 0 |a psychológia 
610 2 0 |a úspech pracovný 
610 2 0 |a podnikanie 
610 2 0 |a obchod 
610 2 0 |a vedenie 
610 2 0 |a riadenie 
610 2 0 |a organizácia práce vedecká 
610 2 0 |a organizácia riadenia 
610 2 0 |a manažéri 
100 1 |a Covey, Stephen R.